000 00278nam a2200121Ia 4500
005 20251222175919.0
008 251222s9999||||xx |||||||||||||| ||spa||
020 _a8471315424
082 _a657.04/S21
100 _aSantos, Jesús Carlos
245 0 _aContabilidad
942 _cLIB
999 _c40590
_d40590